[Event "ch-NED"]
[Site "Hilversum NED"]
[Date "2006.06.17"]
[Round "1"]
[White "Van der Wiel,J"]
[Black "Nijboer,F"]
[Result "1-0"]
[WhiteElo "2511"]
[BlackElo "2584"]

1.e4 c5 2.Nf3 Nc6 3.Bb5 e6 4.O-O Nge7 5.Re1 a6 6.Bf1 Ng6 7.c3 Be7 8.d4 cxd4
9.cxd4 d5 10.Nc3 O-O 11.g3 dxe4 12.Nxe4 Qa5 13.Bd2 Qf5 14.Bc3 Rd8 15.Qe2 b5
16.a3 Bb7 17.Bg2 a5 18.Nc5 Bxc5 19.Qxb5 Nxd4 20.Nxd4 Bxd4 21.Qxf5 exf5 22.Bxb7 Bxc3
23.bxc3 Rab8 24.Rab1 Rd3 25.c4 Rc3 26.Bd5 Rxb1 27.Rxb1 h5 28.Rb7 Ne5 29.Re7 Nxc4
30.Rxf7 Kh7 31.Bxc4 Rxc4 32.Rxf5 Ra4 33.Rxh5+ Kg6 34.Rb5 Rxa3 35.Kg2 Ra1
36.h4 a4 37.Ra5 a3 38.Kf3 Kf6 39.Kg4 g6 40.Ra6+ Kf7 41.Kg5 Ra2 42.Ra7+  1-0

[Event "National Open"]
[Site "Las Vegas USA"]
[Date "2006.06.17"]
[Round "3"]
[White "Hansen,Er"]
[Black "Aradhyula,V"]
[Result "0-1"]
[WhiteElo "1835"]
[BlackElo "2134"]

1.e4 c5 2.Nf3 Nc6 3.Bb5 g6 4.O-O Bg7 5.Re1 Nf6 6.d3 O-O 7.h3 Qc7 8.c3 a6
9.Bxc6 Qxc6 10.a4 b6 11.Be3 Bb7 12.Na3 h6 13.Qc1 Kh7 14.Ne5 Qc7 15.Bf4 d6
16.Nec4 Nh5 17.Bh2 Rae8 18.f3 Qd8 19.a5 b5 20.Nb6 e6 21.Nc2 f5 22.Qe3 f4
23.Qf2 Bf6 24.Qd2 Bh4 25.Red1 d5 26.e5 d4 27.cxd4 cxd4 28.Qb4 Be7 29.Qd2 Rf5
30.Rac1 Rxe5 31.Bxf4 Nxf4 32.Qxf4 Rf5 33.Qxd4 Bc5 34.Qxc5 Rxc5 35.d4 Rf5
36.Ne3 Bxf3 37.Rf1 Bxg2  0-1

[Event "National Open"]
[Site "Las Vegas USA"]
[Date "2006.06.17"]
[Round "3"]
[White "Wang,Dr"]
[Black "Stein,Alan"]
[Result "1-0"]
[WhiteElo "2183"]
[BlackElo "2434"]

1.e4 c5 2.Nf3 Nc6 3.Bb5 d6 4.O-O Bd7 5.c3 Nf6 6.Re1 a6 7.Ba4 b5 8.Bc2 Bg4
9.h3 Bxf3 10.Qxf3 g6 11.a4 b4 12.a5 Qc7 13.Ba4 Nd7 14.e5 Rc8 15.exd6 Qxd6
16.d4 Bg7 17.Bf4 Qf6 18.d5 Ncb8 19.Nd2 g5 20.Bxb8 Qxf3 21.gxf3 Rxb8 22.Ne4 Kd8
23.Bxd7 Kxd7 24.Nxc5+ Kd6 25.Ne4+ Kxd5 26.Rad1+ Kc6 27.cxb4 Bxb2 28.Re2 Ba3
29.Rc2+ Kb5 30.Rc5+ Ka4 31.Ra1 f5 32.Rxf5 Kxb4 33.Nc5 Ra8 34.Rxg5 h5 35.Re5 Rh6
36.Nxa6+ Rhxa6 37.Re4+ Kb5 38.Rxa3 Rg6+ 39.Kf1 Rg5 40.Rxe7 Rxa5 41.Rxa5+ Kxa5
42.f4 Rg8 43.Re5+ Kb6 44.Rxh5 Kc6 45.Re5 Kd6 46.Ke2 Rh8 47.Re3 Rf8 48.Kf3 Rh8
49.Kg4 Rg8+ 50.Kf3 Rh8 51.f5 Rxh3+ 52.Kg4 Rh2 53.f3 Rh8 54.f6  1-0

[Event "Open A"]
[Site "Balatonlelle HUN"]
[Date "2006.06.18"]
[Round "2"]
[White "Papp,T1"]
[Black "Metaxasz,V"]
[Result "1-0"]
[WhiteElo "2263"]
[BlackElo "2127"]

1.e4 c5 2.Nf3 Nc6 3.Bb5 Na5 4.d4 a6 5.Bd3 cxd4 6.Nxd4 Nc6 7.Nxc6 bxc6 8.O-O g6
9.Kh1 Bg7 10.f4 Nf6 11.c4 d6 12.Nc3 O-O 13.Qe2 Nd7 14.Be3 Qa5 15.Bd2 Rb8
16.Rab1 Qc7 17.b4 Bb7 18.a3 Ra8 19.Rfc1 Rfc8 20.h3 Qd8 21.Be3 e5 22.Qf2 exf4
23.Bxf4 Ne5 24.Be2 Qe7 25.c5 a5 26.Na4 Rd8 27.Nb6  1-0

[Event "National Open"]
[Site "Las Vegas USA"]
[Date "2006.06.18"]
[Round "5"]
[White "Perelshteyn,E"]
[Black "Antic,De"]
[Result "1/2-1/2"]
[WhiteElo "2526"]
[BlackElo "2491"]

1.e4 c5 2.Nf3 Nc6 3.Bb5 d6 4.O-O Bd7 5.Re1 Nf6 6.c3 a6 7.Bf1 Bg4 8.h3 Bh5
9.d3 e6 10.Nbd2 Be7 11.g4 Bg6 12.Nh4 Nd7 13.Ng2 e5 14.Nc4 O-O 15.Qf3 b5 16.Nce3 Bg5
17.Qg3 Rb8 18.h4 Bxe3 19.Bxe3 f6 20.a3 a5 21.f4 Bf7 22.f5 d5 23.g5 d4 24.Bf2 dxc3
25.bxc3 b4 26.axb4 axb4 27.c4 Nd4 28.Ne3 Bh5 29.Reb1 fxg5 30.hxg5 Nf3+ 31.Kh1 Nxg5
32.Nd5 h6 33.Be3 Bf7 34.Be2 Bxd5 35.cxd5 Qe7 36.Rg1 Ra8 37.Rab1 Ra2 38.Bd1 c4
39.d6 Qxd6 40.Bxg5 hxg5 41.Qxg5 Qf6 42.Rxb4 Nc5 43.Rxc4 Nxd3 44.Rc2 Qxg5
45.Rxg5 Ra1 46.Rg1 Rd8 47.Bh5 Rxg1+ 48.Kxg1 Nf4 49.Bg6 Kf8 50.Rc6 Rd4 51.Rc8+ Ke7
52.Rc7+ Rd7 53.Rc6  1/2-1/2

[Event "II Perla Baltyku"]
[Site "Mielno POL"]
[Date "2006.06.20"]
[Round "1"]
[White "Brzeski,M"]
[Black "Gajdzica,M"]
[Result "1/2-1/2"]
[WhiteElo "2246"]
[BlackElo "2034"]

1.e4 c5 2.Nf3 Nc6 3.Bb5 g6 4.O-O Bg7 5.d3 Nf6 6.Nc3 O-O 7.Bxc6 dxc6 8.Be3 Nd7
9.Nd2 b6 10.f4 f5 11.e5 Re8 12.a4 a5 13.Nc4 Nf8 14.Ne2 Ne6 15.d4 Ba6 16.b3 cxd4
17.Nxd4 Nxd4 18.Qxd4 Qxd4 19.Bxd4 c5 20.Be3 Ra7 21.Rfd1 Rb7 22.Rd5 Kf7 23.Rad1 Reb8
24.Kf2 Ke6 25.Ke1 g5 26.g3 g4 27.Rd8 h5 28.R1d7 Rxd8 29.Rxd8 Bxc4 30.bxc4 Kf7
31.Rd1 Rc7 32.Kf2 e6 33.Rd6 Rb7 34.h3 Bf8 35.Rd1 Rc7 36.Rd8 Rb7 37.Bd2 Ke7
38.Rc8 Kf7 39.Bc3 Kg7 40.Rd8 Kf7 41.Kg2 Ke7 42.Rd1 Rc7 43.Rh1 Bg7 44.Bd2 Rd7
45.Be3 Kd8 46.Rb1 Kc7 47.Rh1 Kc6 48.hxg4 hxg4 49.Rh5 Re7 50.Rh7 Kc7  1/2-1/2

[Event "20th Open"]
[Site "Pula CRO"]
[Date "2006.06.20"]
[Round "3"]
[White "Popovic,Du"]
[Black "Shirjaev,A"]
[Result "1-0"]
[WhiteElo "2496"]
[BlackElo "2287"]

1.e4 c5 2.Nf3 Nc6 3.Bb5 e6 4.O-O Nge7 5.c3 a6 6.Ba4 b5 7.Bc2 Bb7 8.Qe2 d5
9.e5 Qc7 10.d4 c4 11.a3 Nc8 12.Ng5 h6 13.Nh7 Be7 14.Qg4 g6 15.Nf6+ Bxf6 16.exf6 Nb6
17.Bf4 Qd8 18.Bxg6 Qxf6 19.Bh5 O-O-O 20.Bg3 Qe7 21.Bh4 f6 22.Re1 Kd7 23.Nd2 Rhg8
24.Qf4 Rdf8 25.Bg4 Nd8 26.Bh3 h5 27.Re2 Kc6 28.Bg3 Bc8 29.Rae1 Rf7 30.Nf3 Rfg7
31.Qe3 Bd7 32.Bh4 Qf7 33.Kh1 Nc8 34.Qf4 Rg6 35.Bg3 Rxg3 36.fxg3 Nd6 37.Nd2 Qe7
38.Rf1 Rg6 39.Bf5 Nxf5 40.Qxf5 Qh7 41.Qf4 Nf7 42.b3 Nd6 43.a4 Qg8 44.axb5+ axb5
45.Ra1 Qc8 46.bxc4 bxc4 47.Nf3 Nb5 48.Rea2 Kb6 49.Ra8 Qc7 50.Rb8+  1-0

[Event "Open A"]
[Site "Voronezh RUS"]
[Date "2006.06.21"]
[Round "9"]
[White "Okrugin,S"]
[Black "Kryakvin,D"]
[Result "0-1"]
[WhiteElo "2355"]
[BlackElo "2472"]

1.e4 c5 2.Nf3 Nc6 3.Bb5 e6 4.O-O Nge7 5.Re1 a6 6.Bf1 d5 7.d3 d4 8.Nh4 Ng6
9.Nxg6 hxg6 10.e5 Qc7 11.f4 b6 12.Nd2 Bb7 13.Nf3 Ne7 14.Bd2 Nf5 15.c3 dxc3
16.bxc3 Rd8 17.Rb1 Be7 18.Be3 Bc6 19.g3 b5 20.Bg2 Qd7 21.d4 Nxe3 22.Rxe3 cxd4
23.cxd4 Bc5 24.Qc1 Bb6 25.Kh1 Qb7 26.Rb2 Bxd4 27.Nxd4 Bxg2+ 28.Rxg2 Rxd4
29.h4 O-O 30.Kh2 Rfd8 31.Rc3 Rd1 32.Qc2 b4 33.Rc7 Qb5 34.Rc8 Rxc8 35.Qxd1 a5
36.h5 gxh5 37.Qxh5 g6 38.Qh4 Qd3 39.Qe7 Qf5 40.Rd2 Kg7 41.Kg2 Rh8 42.Kf3 g5
43.Rd8 gxf4  0-1

[Event "Open A"]
[Site "Balatonlelle HUN"]
[Date "2006.06.22"]
[Round "6"]
[White "Sax,G"]
[Black "Horvath,P1"]
[Result "1-0"]
[WhiteElo "2535"]
[BlackElo "2461"]

1.e4 c5 2.Nf3 Nc6 3.Bb5 g6 4.Bxc6 dxc6 5.d3 Bg7 6.h3 Nf6 7.Nc3 Nd7 8.Be3 e5
9.Qd2 h6 10.O-O Qe7 11.Nh2 Nf8 12.Ne2 Ne6 13.c3 h5 14.f4 exf4 15.Nxf4 Nxf4
16.Bxf4 O-O 17.Bh6 c4 18.Bxg7 Kxg7 19.dxc4 Qxe4 20.Rae1 Qxc4 21.Qg5 Be6 22.Qf6+ Kg8
23.Re5 Qd3 24.Rf3 Qb1+ 25.Nf1 Rfe8 26.Rg3 Bc4 27.Rf5 Kf8 28.Rxg6 Re1 29.Qd6+ Re7
30.Rh6 Qxf5 31.Rh8+  1-0

[Event "Open"]
[Site "Teplice CZE"]
[Date "2006.06.24"]
[Round "9"]
[White "Trapl,J"]
[Black "Hadraba,V"]
[Result "1-0"]
[WhiteElo "2372"]
[BlackElo "2179"]

1.e4 c5 2.Nf3 Nc6 3.Bb5 d6 4.O-O Bd7 5.Re1 a6 6.Bxc6 Bxc6 7.d4 cxd4 8.Nxd4 Nf6
9.Bg5 e6 10.Bxf6 Qxf6 11.Nc3 Bd7 12.Qd2 Be7 13.Nf5 exf5 14.Nd5 Qxb2 15.Rab1 Qxa2
16.exf5 O-O 17.Nxe7+ Kh8 18.f6 g5 19.Rxb7 Qa4 20.Qxg5 Qg4 21.Qg7+  1-0

[Event "ch-NED"]
[Site "Hilversum NED"]
[Date "2006.06.25"]
[Round "8"]
[White "Stellwagen,D"]
[Black "Nijboer,F"]
[Result "1/2-1/2"]
[WhiteElo "2543"]
[BlackElo "2584"]

1.e4 c5 2.Nf3 Nc6 3.Bb5 d6 4.O-O Bd7 5.Re1 Nf6 6.c3 a6 7.Bf1 Bg4 8.d3 e6
9.Nbd2 Be7 10.h3 Bh5 11.g4 Bg6 12.Nh4 Qc7 13.f4 d5 14.e5 Nd7 15.Ndf3 O-O-O
16.Nxg6 hxg6 17.Bg2 Kb8 18.Qe2 Nb6 19.Rb1 Rd7 20.Bd2 Rc8 21.Rec1 Qd8 22.Be1 Ka8
23.Bf2 f6 24.exf6 gxf6 25.b4 c4 26.dxc4 Nxc4 27.Qxe6 Bd6 28.b5 axb5 29.Rxb5 Bxf4
30.Rd1 Be3 31.Rdxd5 Bxf2+ 32.Kxf2 Rxd5 33.Qxd5 Nd6 34.Rb1 f5 35.Kg1 Ne4 36.Qxd8 Rxd8
37.c4 fxg4 38.hxg4 Nd2 39.Rd1 Nxc4 40.Rxd8+ Nxd8 41.Kf2 Ka7 42.Bf1 Nd6 43.Bd3 Kb6
44.Bxg6 Kc5 45.Bc2 Ne6 46.Ke3 b5 47.Bb3 Nc7 48.Kf4 Nc4 49.g5 Ne6+ 50.Kf5 Nxg5
51.Kxg5 Na5 52.Kf4 Kb4 53.Nd4 Nb7 54.Ke3 Nd6 55.Kd3 Ka3 56.Kc2 Kb4 57.Kb2 Kc5
58.Ne6+ Kb4 59.Nf4 Kc5 60.Nd3+ Kd4 61.Nb4 Kc5 62.Nc2 Ne4 63.Be6 Nd2 64.Kc3 Ne4+
65.Kd3 Nd6 66.Bg8 Ne8 67.Bf7 Nd6 68.Bg6 Nc4 69.Kc3 Ne5 70.Be4 Nc4 71.Nb4 Kb6
72.Bd3 Nd6 73.Nc2 Kc5 74.Na1 Ne8 75.Nb3+ Kb6 76.Nd4 Nc7 77.Kb4 Na6+ 78.Kb3 Nc7
79.Be4 Kc5 80.Kc3 Kb6 81.Bf5 Nd5+ 82.Kb3 Kc5 83.Ne2 Nb4 84.Nc3 Nc6 85.Bd3 Nd4+
86.Kb2 Kb6 87.Ne2 Nc6 88.Kc3 Kc5 89.Be4 Nb8 90.Nc1 Na6 91.Nd3+ Kb6 92.Kd4 Nc7
93.Bd5 Na6 94.Bb3 Kc6 95.Ke5 Nc7 96.Bf7 Na6 97.Be8+ Kb6 98.Kd6 Nc7 99.Bf7 Na6
100.Be6 Nc7 101.Bc8 Ne8+ 102.Ke5 Nc7 103.Nb4 Ne8  1/2-1/2

[Event "Zudov Memorial"]
[Site "Nizhnij Tagil RUS"]
[Date "2006.06.26"]
[Round "7"]
[White "Slugin,S"]
[Black "Maletin,P"]
[Result "1/2-1/2"]
[WhiteElo "2411"]
[BlackElo "2541"]

1.e4 c5 2.Nf3 Nc6 3.Bb5 g6 4.Bxc6 dxc6 5.d3 Bg7 6.h3 Nh6 7.Nc3 b6 8.Be3 f6
9.Qd2 Nf7 10.O-O O-O 11.Nh2 e5 12.f4 exf4 13.Bxf4 f5 14.exf5 Bxf5 15.Rae1 Qd4+
16.Kh1 Qb4 17.Nd1 Rae8 18.Nf3 Qa4 19.Nc3 Qb4 20.Nd1 Be6 21.Qxb4 cxb4 22.b3 Bd5
23.Rxe8 Rxe8 24.Re1 Kf8 25.Rxe8+ Kxe8 26.Ne3 Bxf3 27.gxf3 Bh6 28.Bxh6 Nxh6
29.Kg2 Ke7 30.Kg3 Ke6 31.Kf4 Nf7 32.h4 c5 33.Ng4 h6 34.Ne3 Nd6 35.Kg4 Nf7
36.Kf4 b5 37.Nd1 Kd5 38.c3 Ne5 39.Ke3 Nc6 40.Kf4 a6 41.Ne3+ Kd6 42.c4 Nd4
43.Ng4 bxc4 44.dxc4 Ne2+ 45.Ke3 Nc3 46.Nxh6 Ke6 47.Ng4 Nxa2 48.Kd2 Nc3 49.Nf2 a5
50.Nd3 Kd6 51.Nf4 a4 52.bxa4 Nxa4 53.Nxg6 Nb2 54.h5 Nxc4+ 55.Kd3 Ne5+ 56.Nxe5 Kxe5
57.Kc4 Kf5 58.f4 Kf6  1/2-1/2

[Event "Midnight Sun"]
[Site "Tromso NOR"]
[Date "2006.06.27"]
[Round "4"]
[White "Hammer,J"]
[Black "Gullaksen,E"]
[Result "1-0"]
[WhiteElo "2287"]
[BlackElo "2380"]

1.e4 c5 2.Nf3 Nc6 3.Bb5 g6 4.Bxc6 dxc6 5.d3 Bg7 6.h3 Nf6 7.Nc3 Nd7 8.Be3 e5
9.Qd2 h6 10.O-O Qe7 11.Nh2 Nf8 12.f4 exf4 13.Rxf4 Be6 14.Rf2 Nd7 15.Raf1 Ne5
16.Ne2 O-O-O 17.Qa5 b6 18.Qa4 Kb7 19.Nf4 Rd7 20.a3 a5 21.Nxe6 Qxe6 22.Nf3 Nxf3+
23.Rxf3 Bxb2 24.Rb1 Qa2 25.Rff1 Qxa3 26.Qc4 f6 27.Bc1 Bxc1 28.Rfxc1 Re8 29.Rf1 Ka7
30.Rb3 Qa2 31.Qc3 Qa4 32.Rxf6 c4 33.dxc4 Rxe4 34.c5 b5 35.Rxc6 b4 36.Qf6 Qb5
37.Rd3 Ree7 38.Rdd6 Re1+ 39.Kh2 Rxd6 40.Qf7+ Kb8 41.Qf8+ Ka7 42.Rc7+  1-0

[Event "ITT Club Argentino"]
[Site "Buenos Aires ARG"]
[Date "2006.06.28"]
[Round "8"]
[White "Bronstein,L"]
[Black "Liascovich,L"]
[Result "1/2-1/2"]
[WhiteElo "2368"]
[BlackElo "2399"]

1.e4 c5 2.Nf3 Nc6 3.Bb5 d6 4.O-O Bd7 5.c3 Nf6 6.Re1 a6 7.Ba4 c4 8.d4 cxd3
9.Bg5 e6 10.Qxd3 Be7 11.Bxf6 gxf6 12.Bxc6 Bxc6 13.c4 b5 14.Nc3 bxc4 15.Qxc4 Qb6
16.Nd4 Bd7 17.Nf5 exf5 18.exf5 Bc6  1/2-1/2

[Event "Zudov Memorial"]
[Site "Nizhnij Tagil RUS"]
[Date "2006.06.28"]
[Round "9"]
[White "Slugin,S"]
[Black "Ovetchkin,R"]
[Result "0-1"]
[WhiteElo "2411"]
[BlackElo "2548"]

1.e4 c5 2.Nf3 Nc6 3.Bb5 g6 4.Bxc6 dxc6 5.d3 Bg7 6.h3 b6 7.Nc3 Nh6 8.O-O O-O
9.Nh2 e5 10.f4 exf4 11.Bxf4 f5 12.Qd2 Nf7 13.Nf3 fxe4 14.dxe4 Qxd2 15.Bxd2 Ba6
16.Rfe1 Ne5 17.Nxe5 Bxe5 18.Be3 Rae8 19.a4 Rf7 20.a5 Bc4 21.axb6 axb6 22.Ra4 b5
23.Raa1 b4 24.Na4 Bg3 25.Red1 Rxe4 26.Bxc5 Re2 27.Nb6 Rxc2 28.Nxc4 Rxc4 29.Be3 Kg7
30.Rd4 Rc2 31.Rxb4 Bf2+ 32.Bxf2 Rfxf2 33.Ra7+ Kf6 34.Rg4 h5 35.Rg3 Rxb2 36.Rc7 Rfc2
37.Rf3+ Kg5 38.Rg3+ Kh6 39.Rf7 Rb5 40.h4 Rb1+ 41.Rf1 Rxf1+ 42.Kxf1 Rc4 43.Kg1 Kg7
44.Rd3 Re4 45.Rd7+ Kf6 46.Rc7 Re6 47.Kf2 Ke5 48.Kf3 Kd6 49.Rc8 c5 50.g4 Rf6+
51.Ke4 hxg4 52.Rd8+ Kc6 53.Re8 Kb5 54.Re5 Kc4 55.Ke3 Rd6 56.Rg5 Kb4 57.Rxg4+ c4
58.Ke4 Kb3 59.Ke5 Ra6 60.Kd4 c3 61.Rg3 Ra4+ 62.Kd3 c2  0-1

[Event "Zudov Memorial"]
[Site "Nizhnij Tagil RUS"]
[Date "2006.06.28"]
[Round "9"]
[White "Dzhumadulaev,K"]
[Black "Maletin,P"]
[Result "0-1"]
[WhiteElo "2288"]
[BlackElo "2541"]

1.e4 c5 2.Nf3 Nc6 3.Bb5 g6 4.Bxc6 dxc6 5.d3 Bg7 6.h3 Nf6 7.Nc3 Nd7 8.Be3 e5
9.Qd2 h6 10.Nh2 Qe7 11.O-O Nf8 12.f4 exf4 13.Bxf4 Ne6 14.Be3 Nd4 15.Rae1 Be6
16.Na4 b6 17.c3 Nb5 18.Nf3 O-O-O 19.Qc2 Kb7 20.b4 cxb4 21.cxb4 Qxb4 22.Rb1 Qd6
23.Rfc1 Ka8 24.e5 Qd5 25.Bxb6 Rb8 26.Bc5 Rhd8 27.Qd2 Qxd3 28.Qa5 Rb7 29.Bb6 Rdb8
30.Bf2 Qd8 31.Qa6 Bd5 32.Rd1 Bf8 33.e6 fxe6 34.Ne5 Qc7 35.Nd3 Be4 36.Rbc1 Ba3
37.Rc4 Bd5 38.Rc2 Bd6 39.Ndc5 Bxc5 40.Bxc5 Nd6 41.Rcc1 Ne4 42.Be3 Qg3 43.Bxa7 Rxa7
44.Nb6+ Rxb6 45.Qxb6 Rxa2 46.Qd8+ Qb8 47.Rxd5 exd5 48.Qh4 Rxg2+ 49.Kxg2 Qb2+
50.Kf3 Qxc1 51.Qd8+ Kb7 52.Qd7+ Kb6 53.Qd8+ Kb5  0-1

[Event "Midnight Sun"]
[Site "Tromso NOR"]
[Date "2006.06.28"]
[Round "5"]
[White "Bryn,T"]
[Black "Johnsen,G"]
[Result "0-1"]
[WhiteElo "1994"]
[BlackElo "2215"]

1.e4 c5 2.Nf3 Nc6 3.Bb5 g6 4.O-O Bg7 5.c3 Nf6 6.Re1 O-O 7.e5 Nd5 8.d4 cxd4
9.cxd4 Nc7 10.Nc3 Nxb5 11.Nxb5 a6 12.Nc3 d6 13.exd6 Qxd6 14.d5 Ne5 15.Bf4 Nxf3+
16.Qxf3 Qb4 17.d6 Be6 18.dxe7 Qxe7 19.Ne4 Bd5 20.Bd6 Qxd6 21.Nxd6 Bxf3 22.gxf3 b5
23.Re2 Rfd8 24.Ne4 Rac8 25.a4 b4 26.Rae1 h6 27.b3 f5 28.Ng3 Bc3 29.Rc1 Kf7
30.Rec2 Rd3 31.Kg2 Rcd8 32.Ne2 Be5 33.Rc8 Rxc8 34.Rxc8 Rxb3 35.Ra8 Ra3 36.Rxa6 b3  0-1

[Event "ch-CHN"]
[Site "Wuxi CHN"]
[Date "2006.06.28"]
[Round "4"]
[White "Yu Shaoteng"]
[Black "Zhao Jun"]
[Result "1/2-1/2"]
[WhiteElo "2542"]
[BlackElo "2525"]

1.e4 c5 2.Nf3 Nc6 3.Bb5 Nf6 4.e5 Nd5 5.Nc3 Nc7 6.Bxc6 dxc6 7.h3 Bf5 8.d3 h6
9.Qe2 Ne6 10.Ne4 Nd4 11.Nxd4 Qxd4 12.Ng3 Be6 13.O-O c4 14.dxc4 Qxc4 15.Qxc4 Bxc4
16.Rd1  1/2-1/2

[Event "34th World Open"]
[Site "Philadelphia USA"]
[Date "2006.06.29"]
[Round "2"]
[White "Vescovi,G"]
[Black "Hoekstra,M"]
[Result "1-0"]
[WhiteElo "2622"]
[BlackElo "2363"]

1.e4 c5 2.Nf3 Nc6 3.Bb5 g6 4.Bxc6 bxc6 5.O-O Bg7 6.Re1 Nh6 7.c3 O-O 8.d4 cxd4
9.cxd4 d6 10.Nc3 f5 11.e5 Nf7 12.Bf4 Qb6 13.Qd2 Rb8 14.b3 Rb7 15.Rad1 Qb4
16.Qc1 Qa5 17.h4 c5 18.d5 Qb4 19.Na4 dxe5 20.Nxe5 Nxe5 21.Bxe5 Bxe5 22.Rxe5 Qxh4
23.Nxc5 Rc7 24.f4 Qg4 25.Rde1 Bb7 26.Qb2  1-0

[Event "34th World Open"]
[Site "Philadelphia USA"]
[Date "2006.06.30"]
[Round "3"]
[White "Fressinet,L"]
[Black "Bierkens,P"]
[Result "1-0"]
[WhiteElo "2633"]
[BlackElo "2232"]

1.e4 c5 2.Nf3 Nc6 3.Bb5 d6 4.O-O g6 5.d4 Bd7 6.d5 Ne5 7.Nxe5 Bxb5 8.c4 Bd7
9.Nxd7 Qxd7 10.Nc3 Bg7 11.f4 Bxc3 12.bxc3 f5 13.e5 O-O-O 14.Rb1 Nh6 15.Bd2 Kb8
16.Rb5 Ka8 17.Qa4 Rb8 18.Rfb1 b6 19.Qd1 Qc7 20.Qe2 Rhe8 21.Be1 Nf7 22.Bg3 Nh6
23.a4 a5 24.Re1 Qd7 25.Qd1 Ka7 26.Rb2 dxe5 27.fxe5 e6 28.Bh4 Nf7 29.Bf6 Nh6
30.h3 Ng8 31.Bh4 h6 32.d6 g5 33.Bf2 Red8 34.Rb5 Ne7 35.Bxc5 bxc5 36.Rxa5+ Kb6
37.Rb5+ Ka6 38.Rxb8 Rxb8 39.dxe7 Qxe7 40.Qd6+ Qxd6 41.exd6 Rd8 42.Rxe6 Ka5
43.Re5 Rxd6 44.Rxc5+ Kxa4 45.Rxf5 Kb3 46.c5 Rc6 47.Rd5 Kxc3 48.Kh2 Kc4 49.Rd6 Rxc5
50.Rxh6 Kd4 51.Re6 Rc3 52.Rg6 Rc5 53.Kg3 Ke4 54.Kg4 Rc2 55.g3  1-0

[Event "WGM"]
[Site "Marseille FRA"]
[Date "2006.07.01"]
[Round "2"]
[White "Choisy,M"]
[Black "Sukandar,I"]
[Result "0-1"]
[WhiteElo "2158"]
[BlackElo "2213"]

1.e4 c5 2.Nf3 Nc6 3.Bb5 g6 4.Bxc6 dxc6 5.d3 Bg7 6.h3 Nf6 7.Nc3 O-O 8.Be3 b6
9.Qd2 Nd7 10.Bh6 e5 11.O-O-O Re8 12.Bxg7 Kxg7 13.Nh2 Nf8 14.Ng4 a5 15.Ne2 a4
16.Qh6+ Kg8 17.f4 Bxg4 18.hxg4 exf4 19.Qxf4 a3 20.b3 b5 21.Rdf1 Qe7 22.Ng3 c4
23.e5 cxb3 24.Ne4 bxa2 25.Nf6+ Qxf6 26.exf6 a1=Q+ 27.Kd2 Qe5 28.Qh6 Qe2+
29.Kc3 b4+ 30.Kxb4 Rab8+ 31.Kc3 Qe5+ 32.Kd2 Qa5+ 33.Kc1 Rb1+ 34.Kxb1 a2+  0-1

[Event "III Open"]
[Site "Sanxenxo ESP"]
[Date "2006.07.01"]
[Round "7"]
[White "Sande Edreira,J"]
[Black "Hamdouchi,H"]
[Result "1/2-1/2"]
[WhiteElo "2286"]
[BlackElo "2559"]

1.e4 c5 2.Nf3 Nc6 3.Bb5 e6 4.O-O Nge7 5.Ba4 a6 6.c4 Qb6 7.Nc3 Ng6 8.d3 Be7
9.Rb1 O-O 10.Be3 Qc7 11.Qd2 b6 12.Rfc1 Bb7 13.Bxc6 dxc6 14.a3 f5 15.exf5 exf5
16.Bg5 Bd6 17.d4 cxd4 18.Qxd4 Ne5 19.Nxe5 Bxe5 20.Qh4 f4 21.c5 h6 22.Be7 g5
23.Bxg5 hxg5 24.Qxg5+ Qg7 25.Qxg7+ Kxg7 26.cxb6 Bxc3 27.Rxc3 Rad8 28.Re1 Rd5
29.h4 Rf7 30.b4 a5 31.bxa5 Rxa5 32.Re4 Rb5 33.Rb4 Rd5 34.a4 Rd1+ 35.Kh2 Rd2
36.Kg1 Rf5 37.Re4 Rd7 38.Rcc4 Rdf7 39.Re1 Rh5 40.Ra1 Ra5 41.Rd1 f3 42.g4 Ba6
43.Re4 c5 44.Rd5 Bb7 45.Rg5+ Kf8 46.Rc4 Rf6 47.Rgxc5 Rxc5 48.Rxc5 Rxb6 49.Rb5 Rg6
50.Rxb7 Rxg4+ 51.Kh2 Rxh4+ 52.Kg3 Rxa4  1/2-1/2

[Event "Midnight Sun"]
[Site "Tromso NOR"]
[Date "2006.07.01"]
[Round "8"]
[White "Hammer,J"]
[Black "Forsaa,E"]
[Result "1-0"]
[WhiteElo "2287"]
[BlackElo "2065"]

1.Nf3 c5 2.e4 Nc6 3.Bb5 Nf6 4.Bxc6 dxc6 5.d3 Nd7 6.Nc3 g6 7.Be3 Bg7 8.Qd2 h6
9.a3 a5 10.O-O e5 11.Na4 b6 12.Rfe1 Ba6 13.b4 cxb4 14.axb4 b5 15.Nc5 a4 16.Qc3 Nxc5
17.Qxc5 Bb7 18.d4 exd4 19.Bf4 g5 20.Bg3 g4 21.Nh4 Qe7 22.Bd6 Qxh4 23.Qb6 Rd8
24.e5 Bc8 25.Qxc6+ Bd7 26.Qd5 Qg5 27.Rad1 Qg6 28.Rxd4 Qe6 29.Qb7 f5 30.Red1 Rc8
31.Bc5 Qc6 32.Rxd7 Qxb7 33.Rxb7 Bf8 34.Rxb5 Bxc5 35.bxc5 Rh7 36.Ra5 Rhc7
37.Rd5 Ke7 38.Kf1 Rb8 39.Rxa4 Rb1+ 40.Ke2 Rh1 41.Ra6 Rxh2 42.Rg6 Kf7 43.Rf6+ Ke7
44.g3 h5 45.Rh6 Rc8 46.Rh7+ Ke6 47.Rd6+  1-0

[Event "DS IM"]
[Site "Brno CZE"]
[Date "2006.07.02"]
[Round "3"]
[White "Zamarbide Inarrea,B"]
[Black "Vyskocil,N"]
[Result "0-1"]
[WhiteElo "2184"]
[BlackElo "2307"]

1.e4 c5 2.Nf3 Nc6 3.Bb5 a6 4.Bxc6 dxc6 5.d3 Qc7 6.e5 Bg4 7.Bf4 e6 8.O-O Ne7
9.h3 Ng6 10.Bg3 Bxf3 11.Qxf3 Nxe5 12.Qe3 Bd6 13.Nd2 Nd7 14.Bxd6 Qxd6 15.Ne4 Qe7
16.Qg3 O-O 17.Qc7 Rab8 18.Rae1 Rfc8 19.Qg3 b6 20.f4 f5 21.Ng5 Nf8 22.Re5 Qf6
23.Rfe1 Re8 24.Qe3 h6 25.Nf3 Kf7 26.d4 Nd7 27.dxc5 bxc5 28.Qd3 Nxe5 29.Nxe5+ Kg8
30.Nd7 Qxb2 31.Nxb8 Rxb8 32.Qc4 Qd4+ 33.Qxd4 cxd4 34.Rxe6 c5 35.Rc6 Rb1+
36.Kf2 Rb2 37.Rxc5 d3 38.Ke3 dxc2 39.a4 Ra2 40.a5 Rxa5 41.Rxc2 Kh7 42.Rc6 Ra2
43.g4 Ra3+ 44.Kd4 fxg4 45.hxg4 a5 46.Ke5 a4 47.Ra6 Ra1 48.Kf5 a3 49.g5 hxg5
50.Kxg5 a2 51.Kf5 g6+ 52.Kf6 Kh6 53.Ra8 Kh5 54.Kg7 Kg4 55.Ra4 Kf5 56.Kf7 g5
57.fxg5 Kxg5 58.Kg7 Kf5 59.Kf7 Ke5  0-1

[Event "35th TCh-GRE"]
[Site "Ermioni GRE"]
[Date "2006.07.03"]
[Round "1"]
[White "Dagkakis,P"]
[Black "Shahtahtinsky,A"]
[Result "1/2-1/2"]
[WhiteElo "2267"]
[BlackElo "2273"]

1.e4 c5 2.Nf3 Nc6 3.Bb5 g6 4.O-O Bg7 5.c3 Nf6 6.Re1 O-O 7.d4 cxd4 8.cxd4 d5
9.e5 Ne4 10.Nc3 Nxc3 11.bxc3 Na5 12.Bg5 f6 13.exf6 exf6 14.Bf4 Bf5 15.Nd2 Rc8
16.Qf3 a6 17.Bf1 Qd7 18.h3 Be6  1/2-1/2

[Event "34th World Open"]
[Site "Philadelphia USA"]
[Date "2006.07.03"]
[Round "7"]
[White "Perelshteyn,E"]
[Black "Moiseenko,A1"]
[Result "1/2-1/2"]
[WhiteElo "2526"]
[BlackElo "2662"]

1.e4 c5 2.Nf3 Nc6 3.Bb5 d6 4.O-O Bd7 5.Re1 Nf6 6.c3 a6 7.Bf1 Bg4 8.d3 e6
9.Nbd2 Nd7 10.h3 Bh5 11.a3 Be7 12.b4 O-O 13.bxc5 Nxc5 14.d4 Nd7 15.a4 Rc8
16.Ba3 Nb6 17.g4 Bg6 18.Qb3 Na5 19.Qb4 Nd7 20.e5 Nc6 21.Qxb7 dxe5 22.Bxa6 Rc7
23.Qb2 Bxa3 24.Qxa3 exd4 25.cxd4 Nf6 26.Rac1 Nxd4 27.Rxc7 Nxf3+ 28.Nxf3 Qxc7
29.Bb5 h6 30.Ne5 Be4 31.Nd7 Nxd7 32.Rxe4 Ne5 33.Qe3 Ng6 34.Rc4 Qb8 35.Qg3 e5
36.Rc1 Rd8 37.Qc3 Nf4 38.Bf1 h5 39.a5 hxg4 40.hxg4 Qd6 41.a6 Qd7 42.Qf3 g5
43.Re1 f6  1/2-1/2

[Event "Open"]
[Site "Marseille FRA"]
[Date "2006.07.04"]
[Round "6"]
[White "Boudre,JP"]
[Black "Maze,S"]
[Result "0-1"]
[WhiteElo "2325"]
[BlackElo "2525"]

1.e4 c5 2.Nf3 Nc6 3.Bb5 e6 4.Bxc6 bxc6 5.d3 Ne7 6.Qe2 Qc7 7.Nh4 Ng6 8.Nxg6 hxg6
9.h3 e5 10.O-O f6 11.f4 Bd6 12.f5 gxf5 13.Rxf5 Bf8 14.Nc3 d6 15.Rf3 Be6 16.Bd2 Be7
17.Nd1 g6 18.Ne3 O-O-O 19.Raf1 Rhf8 20.c4 Qd7 21.Qd1 f5 22.Qa4 f4 23.Nc2 Kb7
24.b4 Kb8 25.bxc5 dxc5 26.Bc3 Bd6 27.Na1 g5 28.Nb3 g4 29.hxg4 Bxg4 30.R3f2 Rc8  0-1

[Event "35th TCh-GRE"]
[Site "Ermioni GRE"]
[Date "2006.07.05"]
[Round "3"]
[White "Souleidis,G"]
[Black "Parginos,V"]
[Result "0-1"]
[WhiteElo "2412"]
[BlackElo "2177"]

1.e4 c5 2.Nf3 Nc6 3.Bb5 e6 4.O-O Nge7 5.Re1 Ng6 6.b3 Be7 7.Bb2 O-O 8.c3 Qc7
9.d4 d6 10.a3 e5 11.b4 b6 12.Nbd2 a6 13.Bf1 Nf4 14.Rc1 Bg4 15.h3 Bd7 16.Kh2 g5
17.g3 Ng6 18.Bg2 Kg7 19.Nf1 Bf6 20.Ne3 Nce7 21.dxc5 dxc5 22.c4 h5 23.Nd2 Rad8
24.Nd5 Nxd5 25.exd5 Bf5 26.Ne4 Bxe4 27.Bxe4 Kh6 28.Qf3 Be7 29.bxc5 Bxc5 30.Kg2 f5
31.Bxf5 Qf7 32.Be4 Qd7 33.Qxf8+ Rxf8 34.Rc2 Qf7 35.Bc1 h4 36.Rce2 Bxf2  0-1

[Event "35th TCh-GRE"]
[Site "Ermioni GRE"]
[Date "2006.07.05"]
[Round "3"]
[White "Markidis,K"]
[Black "Tsorbatzoglou,T"]
[Result "1/2-1/2"]
[WhiteElo "2370"]
[BlackElo "2232"]

1.e4 c5 2.Nf3 Nc6 3.Bb5 g6 4.O-O Bg7 5.Re1 e5 6.Bxc6 dxc6 7.d3 Qe7 8.a3 Nf6
9.b4 O-O 10.Nbd2 Bg4 11.bxc5 Qxc5 12.a4 Bxf3 13.Nxf3 Rfe8 14.Qd2 Qe7 15.Ba3 Qc7
16.Reb1 Nd7 17.Qb4 b6 18.Qc4 Nf8 19.a5 Ne6 20.axb6 axb6 21.Bc1 b5 22.Qc3 Qd6
23.g3 h6 24.Ba3 Qc7 25.Bc5 Nxc5 26.Qxc5 Bf8 27.Qc3 Bd6 28.Kg2 Kg7 29.Qb2 f6
30.Ra2 Bc5 31.Rba1 Rxa2 32.Qxa2 Qb6 33.c3 Re7 34.Rd1 Qa7 35.Qd2 Qa5 36.h4 h5
37.Qc1 Qa3 38.Qc2 Qa4 39.Qb1 Bb6 40.d4 Qc4 41.d5 Rd7 42.dxc6 Rxd1 43.Qxd1 Qxc6
44.Qb3 Qc5 45.Qe6 Qxf2+ 46.Kh3 Qxf3  1/2-1/2

[Event "56th ch-RUS w Top League"]
[Site "Orel RUS"]
[Date "2006.07.05"]
[Round "7"]
[White "Korchenkova,I"]
[Black "Uljianova,N"]
[Result "0-1"]
[WhiteElo "2013"]
[BlackElo "1984"]

1.e4 c5 2.Nf3 Nc6 3.Bb5 g6 4.Bxc6 dxc6 5.h3 Bg7 6.Nc3 Nf6 7.d3 Nd7 8.Be3 e5
9.Qd2 h6 10.Nh2 Qe7 11.O-O Nf8 12.f4 exf4 13.Rxf4 Ne6 14.Rf2 Nd4 15.Raf1 Be6
16.a4 O-O-O 17.a5 f5 18.Nf3 g5 19.exf5 Nxf5 20.Re1 Rhe8 21.Na4 Bd4 22.Bxd4 cxd4
23.b4 Qg7 24.Nc5 Bd5 25.a6 b6 26.Nb7 Rxe1+ 27.Qxe1 Rf8 28.Qe5 Bxf3 29.Nd6+ Kd7
30.Qxg7+ Nxg7 31.Nc4 Ne6 32.Rxf3 Rxf3 33.gxf3 Nc7 34.Ne5+ Kd6 35.Nf7+ Ke6
36.Nxh6 Nxa6 37.Ng4 Nxb4 38.Nf2 a5 39.Ne4 a4 40.Nxg5+ Kf5 41.Ne4 a3 42.Nd6+ Kf4
43.Nc4 a2  0-1